01178cas a2200277 a 4500008004100000010001600041022001400057040012300071041001800194043001200212050001800224245010200242246010500344246001600449260009600465300002500561310001100586362001800597500002200615546005300637650001800690651003800708651004100746710004200787776007100829900618c19909999ja ar 0 0eng c a 91642059 a0915-0986 aUkNcUbengcUkNcUdWUdDLCdNSTdMHdDLCdNSTdInUdMHdNLGGCdDLCdCaQMUdOCoLCdCLUdUKMGBdNNCdOCoLCdMiUdMHdCoU0 aengajpnbjpn aa-ja---00aDS820.8b.J3700aJapan review :bbulletin of the International Research Center for Japanese Studies = Nichibunken.1 iIssues for <2005-> have subtitle:aJournal of the International Research Center for Japanese Studies31aNichibunken aKyoto, Japan :bJournal of the International Research Center for Japanese Studies,c[1990]- av. :bill. ;c26 cm. aAnnual0 aNo. 1 (1990)- aTitle from cover. aIn English. Summaries and some text in Japanese.17aCultuur.2gtt 0aJapanxCivilizationvPeriodicals. 6aJaponxCivilisationvPâeriodiques.2 aKokusai Nihon Bunka Kenkyهu Sentهa.08iOnline version:tJapan revieww(DLC) 2013235038w(OCoLC)608430583